Our love challenges /

Hlavní autor: Aora, Vít, 1996-
Další autoři: Drake, Daniel
Jazyk: Angličtina
Vydáno: Prague : Vít Libovický, [2017]
Témata:
Fyzický popis: 192 stran : ilustrace ; 22 x 31 cm
Knihy
Uloženo v:
LEADER 01585nam a2200469 i 4500
001 nkc20172926389
003 CZ PrNK
005 20191217092006.0
007 ta
008 171016s2017 xr a e 000 0 eng
015 |z cnb002926389 
020 |a 978-80-906695-2-9  |q (vázáno) 
035 |a (OCoLC)1011116480 
040 |a ABA001  |b cze  |e rda 
041 1 |a eng  |h cze 
072 7 |a 316.4/.7  |x Sociální interakce. Sociální komunikace  |2 Konspekt  |9 18 
080 |a 316.472.42  |2 MRF 
080 |a 316.474  |2 MRF 
080 |a (084.026.6)  |2 MRF 
100 1 |a Aora, Vít,  |d 1996-  |7 xx0212172  |4 aut  |4 pbl 
240 1 0 |a Our love challenges.  |l Anglicky 
245 1 0 |a Our love challenges /  |c content: Vít Libovický ; translation: Daniel Drake 
264 1 |a Prague :  |b Vít Libovický,  |c [2017] 
264 4 |c ©2017 
300 |a 192 stran :  |b ilustrace ;  |c 22 x 31 cm 
336 |a text  |b txt  |2 rdacontent 
336 |a statický obraz  |b sti  |2 rdacontent 
337 |a bez média  |b n  |2 rdamedia 
338 |a svazek  |b nc  |2 rdacarrier 
500 |a Přeloženo z třetího vydání českého originálu Our love challenges 
650 0 7 |a partnerské vztahy  |7 ph115684  |2 czenas 
650 0 7 |a láska  |7 ph117230  |2 czenas 
650 0 9 |a partner relationships  |2 eczenas 
650 0 9 |a love  |2 eczenas 
655 7 |a alba  |7 fd131786  |2 czenas 
655 9 |a albums  |2 eczenas 
700 1 |a Drake, Daniel  |4 trl 
910 2 |a BOA001  |b 4-1394.841 
990 |a BK 
995 |a 11 
991 |b 201710  |c NOV 
996 6 |b 2610721470  |c 4-1394.841  |l MZK  |r Sklad / do 1 hodiny  |n 0  |p p.v.  |w 001634755  |u 000010  |a 1  |e BOA001  |j MZK50  |s P